Responses for Show #3010 - Friday, October 3, 1997

Last show in which set changes from blue to red in Double Jeopardy! Round, apart from #3090.

Contestants

[<< previous game]

Kate Rogers, a veterinarian from Seattle, Washington

Alberto Cangahuala, an aerospace engineer from Pasadena, California

Ronda Barker, a customer service supervisor from Springfield, Illinois (whose 1-day cash winnings total $5,800)

[next game >>]

Jeopardy! Round responses

EXPLORERS
NOVEL QUOTES
THE ENTERTAINMENT BUSINESS
FLOPS
"PU"
RICH & FAMOUS
    $100 4
Polar bear

Alberto
    $100 18
J.R.R. Tolkien

Ronda
    $100 26
(Alberto: What is grunge?)
...
(Alex: With a minute to go.)

rap

AlbertoKate
    $100 11
Edsel

Kate
    $100 2
puberty

Kate
    $100 1
Ross Perot

Kate
    $200 5
Kilimanjaro

Alberto
    $200 19
(Alex: "All for one, one for all.")

The Three Musketeers

Alberto
    $200 27
Ticketmaster

Kate
    $200 16
Brian Bosworth

Kate
    $200 3
Pugilist

Alberto
    $200 7
Ralph Lauren

Kate
    $300 6
Sacajawea

Ronda
    $300 22
(Alex: "It was the best of times, it was the worst of times.")

A Tale of Two Cities

Ronda
    $300 28
Bill Graham

Triple Stumper
    $300 17
WFL (World Football League)

Alberto
    $300 12
Puma

Ronda
    $300 8
Warren Buffett

Alberto
    $800 9
(Alex: They don't do the same now when you go to [*], by the way!)

Tahiti

Alberto
    $400 23
Ayn Rand

Ronda
    $400 29
Multiplexes

Kate
    $400 20
Heaven's Gate

Ronda
    $400 14
Putrid

Kate
    $400 13
Wrigley

Ronda
    $500 10
(Kate: Who is Eric the Red?)

Leif Ericson

AlbertoKate
    $500 24
Leo Tolstoy

Kate
    $500 30
(Kate: Who is Time-Life?)
(Ronda: Who is Time-Life Warner?)

Time Warner

RondaAlbertoKate
    $500 25
Giuseppe Verdi

Alberto
    $500 15
The Punic Wars

Kate
    $500 21
Portland Trail Blazers

Alberto

Scores at the first commercial break (after clue 16):

Ronda Alberto Kate
$1,000 $2,100 $1,100

Scores at the end of the Jeopardy! Round:

Ronda Alberto Kate
$1,700 $4,000 $1,800

Double Jeopardy! Round responses

"DOUBLE" JEOPARDY
MUSEUM HOPPING
SPORTS
GIANTS OF SCIENCE
BEFORE THEY WERE POPES
POOR & FAMOUS
    $200 1
Double negative

Ronda
    $200 26
Motown

Kate
    $200 6
Arthur Ashe

Ronda
    $200 9
Louis Pasteur

Ronda
    $200 13
Borgia

Kate
    $200 7
Stephen Foster

Ronda
    $1,500 2
Double take

Ronda
    $400 27
Museum of Modern Art

Ronda
    $400 19
Mario Lemieux

Alberto
    $400 14
Albert Einstein

Kate
    $400 16
Jesuits (Society of Jesus)

Kate
    $400 8
Karl Marx

Kate
    $600 3
Double Dutch

Kate
    $600 28
Victoria & Albert

Ronda
    $600 20
Notre Dame

Ronda
    $600 15
Stephen Hawking

Ronda
    $600 21
Pope John XXIII

Alberto
    $600 10
Elias Howe

Ronda
    $800 4
Doublethink

Kate
    $800 29
Isak Dinesen (Karen Blixen)

Kate
    $1,000 22
Johnny Bench

Alberto
    $800 17
Lord Kelvin

Kate
    $800 24
(Ronda: Who is Rembrandt?)

Erasmus

RondaAlberto
    $800 11
Fyodor Dostoyevsky

Triple Stumper
    $1000 5
"Double double, toil and trouble" (from "Macbeth")

Alberto
    $1000 30
James Joyce

Kate
    $1000 23
(Alex: And we have a minute left.)

bowling

Alberto
    $1000 18
J. Robert Oppenheimer

Alberto
    $1000 25
Secretary of State

Alberto
    $1000 12
Saint Clare

Triple Stumper

Scores at the end of the Double Jeopardy! Round:

Ronda Alberto Kate
$6,000 $10,800 $7,400

[wagering suggestions for these scores]

Final Jeopardy! Round responses

BATTLES
(Alex: Oh boy! A lot of history there.)
RondaWhat was Water loo?
$6,000
KateWhat is the battle of Trafalgar
$5,000
AlbertoWhat is (Mos) P
$4,000
Battle of Trafalgar

Final scores:

Ronda Alberto Kate
$0 $6,800 $12,400
3rd place: a pair of Daniel Mink Bolero watches 2nd place: a Sony VAIO desktop PC + a Bush computer desk New champion: $12,400

Game dynamics:

Coryat scores:

Ronda Alberto Kate
$4,900 $10,200 $7,400
17 R
(including 1 DD),
2 W
19 R
(including 2 DDs),
1 W
21 R,
2 W

Combined Coryat: $22,500

[game clues] [game scores] [suggest correction]

Game tape date: Unknown
The J! Archive is created by fans, for fans. Scraping, republication, monetization, and malicious use prohibited; this site may use cookies and collect identifying information. See terms. The Jeopardy! game show and all elements thereof, including but not limited to copyright and trademark thereto, are the property of Jeopardy Productions, Inc. and are protected under law. This website is not affiliated with, sponsored by, or operated by Jeopardy Productions, Inc. Join the discussion at JBoard.tv.